Name all the Kardashians - Statistics

General Stats
  • This quiz has been taken 1,079 times
  • The average score is 17 of 30
Answer Stats
Answer % Correct
Kim
99%
Kris
97%
Kylie
97%
Khloe
96%
Kendall
95%
Kourtney
95%
North
88%
Robert
85%
Stormi
79%
Penelope
77%
Chicago
75%
Mason
73%
Saint
72%
True
72%
Travis Scott
67%
Caitlyn
66%
Dream
65%
Reign
62%
Scott Disick
39%
Wolf
35%
Brody
29%
Travis Barker
28%
Brandon
27%
Corey
25%
MJ
25%
Pslam
15%
Pete Davidson
11%
Burt
8%
Devin Booker
6%
Cassandra
5%
No matching quizzes found
Score Distribution
Percent of People with Each Score
Percentile by Number Answered
Your Score History
You have not taken this quiz